Propiedades viscoelásticas de polímeros reticulados /

Guardado en:
Otros Autores: Bibbó, Miguel Angel. (Disertante)
Formato: Manuscrito
Idioma:Spanish
Publicado: 1982.
Materias:
Etiquetas: Agregar Etiqueta
Sin Etiquetas, Sea el primero en etiquetar este registro!
LEADER 01053ntm a22002415a 4500
001 EIQ.libpla002626
008 070710s1982####ag#a#####bm###000#0#spa#d
005 20070711153632.0
245 1 0 |a Propiedades viscoelásticas de polímeros reticulados /  |c por Miguel Angel Bibbó. 
260 |c 1982. 
300 |a xiii, 275 p. :  |b il., tablas, figuras ;  |c 21 cm. 
500 |a "Relación entre el módulo viscoso, G y el material pendiente del gel, en ensayos dinámicos de gomas de siliconas". 
502 |a Tesis (M.A.)--Universidad Nacional del Sur. Departamento en ciencias exactas, 1982. 
500 |a Director de tesis: Dr. Enrique Marcelo Vallés. 
504 |a Incluye referencias bibliográficas. 
100 1 |a Bibbó, Miguel Angel.  |4 dis 
710 2 |a Universidad Nacional del Sur (UNS).  |b Dto. de Ciencias exactas  |4 dgg. 
650 4 |a Polímeros  |x Tesis. 
650 4 |a Polimeros  |x Viscoelasticidad. 
650 4 |a Polymers  |x Thesis. 
650 4 |a Polymers  |x Viscoelastic. 
040 |a AR-BbSID  |b spa  |c AR-BbSID 
859 |a AR-BbSID  |b BIB. PLAPIQUI  |h 620.194  |i B 47  |p 1884